African History for Dummies - Statistics

General Stats
  • This quiz has been taken 51 times
  • The average score is 8 of 20
Answer Stats
Hint Answer % Correct
What is Africa's largest country (By Area)? Algeria
88%
What is Africa's newest country South Sudan
86%
Country that produces highest number of films? Nigeria
81%
How many countries are in Africa? 54
77%
Most common language spoken in North Africa Arabic
74%
Country with the most pyramids? Sudan
67%
Which European country colonized Tanzania first? Germany
60%
Most common language spoken in East Africa Swahili
49%
Country home to the oldest University in the world Mali
42%
Where is the Capital of the African Union (AU) located? Addis Ababa
40%
The first African country to gain independence from colonialism? Ghana
35%
The shortest war ever recorded occured on this island Zanzibar
33%
First professional football (soccer) player to become a Head of state? George Weah
28%
Which country is home to the Ylang Ylang plant (Secret scent of Chanel N˙5)? Comoros
19%
In which city is the African Renaissance monument located? Dakar
14%
Who performed at Zimbabwe's independence day in 1980? Bob Marley
12%
Country with a space program in the 1960s Zambia
7%
What alias did Nelson Mandela use while pretending to be a caretaker at Liliesleaf farm in Johannesburg? David Motsamayi
5%
Who is Africa's longest serving leader? Teodoro Obiang
5%
Material used for buildings in Tunisia Fish bones
2%
No matching quizzes found
Score Distribution
Percent of People with Each Score
Percentile by Number Answered
Your Score History
You have not taken this quiz